| 000 | 00389nam a2200145Ia 4500 | ||
|---|---|---|---|
| 008 | 260514s2025 xx 000 0 und d | ||
| 041 | _aeng | ||
| 082 | _bM-3771 | ||
| 100 | _aDR. PRASHANT PINGALE | ||
| 245 | _aELEMENTS DRUG DELIVERY SYSTEMS | ||
| 260 |
_aPUNE _bEVEREST PUBLISHER HOUSE _c2025 |
||
| 300 | _aP.B./344 | ||
| 650 | _aPHRMACEUTICAL CHEMISTRY | ||
| 700 | _aDR. BHUSHAN RANE | ||
| 999 |
_c1221626 _d1221626 |
||